| 000 | 00742cab a2200253 4500 | ||
|---|---|---|---|
| 001 | ABS57437 | ||
| 008 | 090401t1997 xxu||||| |||| 00| 0 eng d | ||
| 035 | _a(Sirsi) u80198 | ||
| 041 | _aeng | ||
| 100 | _aHollis, M. | ||
| 245 | _aBuilding surveying series Part 1: Causes and cures | ||
| 260 | _c1997 | ||
| 350 | _a0 | ||
| 490 |
_aValuer (ISVA) _v66(4) July/August 1997, 22-23(2) |
||
| 520 | _aConsiders the causes of cracks in buildings and looks at how surveyors interpret the significance of cracking. | ||
| 650 | _aCRACKING | ||
| 650 | _aCRACKS | ||
| 650 | _aDIAGNOSIS | ||
| 650 | _aINTERPRETATION | ||
| 650 | _aVISUAL INSPECTION | ||
| 690 | _aBUILT ENVIRONMENT-BUILDING INSPECTION | ||
| 942 | _n0 | ||
| 948 | _c11/08/1997 | ||
| 999 |
_c50473 _d50473 |
||